000 00617nam a2200205Ia 4500
003 GCL
008 140319s9999 xx 000 0 ara d
040 _aGCL /
_cGCL
082 0 4 _a364.1
_bش ت
100 1 _aشكرى الدقاق
245 1 0 _aتعدد القواعد وتعدد الجرائم فى ضوء الفقة والقضاء /
_cشكرى الدقاق
260 _a[S.N] :
_bدار الجامعات المصرية
300 _a482 ص
490 _a
650 0 4 _aالقانون
650 0 4 _aقانون العقوبات
650 0 4 _aالجريمة
650 0 4 _aالمجرمون
942 _2ddc
_cBK
999 _c37462
_d37462